| Tag |
First Indicator |
Second Indicator |
Subfields |
| LEADER |
00000cjm a2200000 a 4500 |
| 001 |
in00001404953 |
| 005 |
20151020064058.0 |
| 007 |
sd fungnn|||ee |
| 008 |
910808r19911966nyuppn eng d |
| 028 |
0 |
0 |
|a 82218-2
|b Atlantic Group
|
| 028 |
0 |
0 |
|a 7 82218-2
|b Atlantic Group
|
| 035 |
|
|
|a (OCoLC)24203170
|
| 035 |
|
|
|9 AHP4461AM
|
| 040 |
|
|
|a TLM
|c TLM
|d VRU
|d TXA
|d UtOrBLW
|
| 049 |
|
|
|a TXAV
|
| 090 |
|
|
|a M1630.18
|b .C66 1991 v.7
|
| 092 |
|
|
|a POP/ROCK
|b Coll
|
| 245 |
0 |
4 |
|a The Complete Stax/Volt singles, 1959-1968.
|n Volume 7.
|
| 264 |
|
1 |
|a New York :
|b Atlantic Group,
|c [1991]
|
| 264 |
|
4 |
|c ℗1991
|
| 300 |
|
|
|a 1 sound disc :
|b digital ;
|c 4 3/4 in.
|
| 336 |
|
|
|a performed music
|b prm
|2 rdacontent
|
| 337 |
|
|
|a audio
|b s
|2 rdamedia
|
| 338 |
|
|
|a audio disc
|b sd
|2 rdacarrier
|
| 500 |
|
|
|a Compact disc.
|
| 500 |
|
|
|a Atlantic Group: 82218-2 (container: 7 82218-2).
|
| 500 |
|
|
|a Soul music; originally released on Stax and Volt labels, 1966-67.
|
| 511 |
0 |
|
|a Various performers.
|
| 500 |
|
|
|a Booklet containing historical notes by Rob Bowman and Steve Greenberg and details of the recordings (64 pages : ill., ports. ; 28 x 28 cm.) in box.
|
| 505 |
0 |
|
|a You got me hummin' (Sam & Dave) -- You're taking up another man's place (Mable John) -- All I want for Christmas is you (Carla Thomas) -- Please Uncle Sam (send back my man) (Charmels) -- Something good (is going to happen to you) (Carla Thomas) -- Raise your hand (Eddie Floyd) -- Ain't that loving you (for more reasons than one) (Johnnie Taylor) -- I don't want to lose your love (Mad Lads) -- When something is wrong with my baby (Sam & Dave) -- Let me down slow (Bobby Wilson) -- Hip hug-her (Booker T. & the MGs) -- Everybody loves a winner (William Bell) -- Mini-skirt Minnie (Sir Mack Rice) -- When tomorrow comes (Carla Thomas) -- The spoiler (Eddie Purrell) -- I love you more than words can say (Otis Redding) -- If I ever needed love (I sure do need it now) (Ruby Johnson)
|
| 505 |
0 |
|
|a (cont.) Same time same place (Mable John) -- Tramp (Otis & Carla) -- Soul finger ; Knucklehead (Bar-Kays) -- Shake (Otis Redding) -- Born under a bad sign (Albert King) -- Soothe me ; I can't stand up (Sam & Dave) -- Don't rock the boat (Eddie Floyd)
|
| 500 |
|
|
|a Sound recording.
|
| 650 |
|
0 |
|a Popular music
|y 1961-1970.
|
| 650 |
|
0 |
|a Soul music
|y 1961-1970.
|
| 948 |
|
|
|a c:jlg
|
| 999 |
|
|
|a MARS
|
| 999 |
f |
f |
|s ba68a7ec-acdc-33a9-8c39-915a4ea797d0
|i 418fa66f-5386-3cad-afb3-39385f396b0a
|t 0
|
| 952 |
f |
f |
|p ric
|a Texas A&M University
|b Rellis Campus
|c Joint Library Facility
|d Remote Storage
|t 0
|e M1630.18.C66 1991 v.7
|h Library of Congress classification
|i audio -- audio disc
|m A14822463255
|
| 952 |
f |
f |
|p ric
|a Texas A&M University
|b Rellis Campus
|c Joint Library Facility
|d Remote Storage
|t 0
|e M1630.18 .C66 1991 v.7
|h Library of Congress classification
|i audio -- audio disc
|m A14830424980
|
| 998 |
f |
f |
|a M1630.18 .C66 1991 v.7
|t 0
|l Remote Storage
|
| 998 |
f |
f |
|a M1630.18.C66 1991 v.7
|t 0
|l Remote Storage
|